1345 1552 1350 1176 1679 1622 1634 1575 1841 1768 1826 1733 1546 1920 1723 1555 1730 1790 1980 1727 1833 1093 1979 1915 1094 1865 1050 1950 1838 1145 1991 1629 1808 1801 1384 1446 1877 1683 1208 1674 1280 1223 1136 1928 1042 1536 1774 1753 1584 1370 1081 1185 1356 1813 1465 1867 1025 1075 1262 1136 1075 1337 1838 1432 1644 1390 1618 1683 1443 1537 1982 1653 1494 1169 1731 1061 1979 1656 1488 1237 1890 1858 1202 1480 1035 1553 1422 1023 1935 1673 1499 1471 1131 1294 1215 1752 1159 1612 1149 BCNSPRNW ULIB Ver.6.0+V

เปลี่ยนเป็นภาษาไทย

Change to English
 แสดงรายละเอียดบรรณานุกรม
  กลับหน้าหลัก

Brief Record : Get Marc (ISO 2709) : E-mail record : QR code < ปิดหน้าต่าง
LEADER : 00000nam 2200000uu 4500
001    13399108810
003     ULIB
008    110315s2542||||th 000 0 tha d
020    9746617974
060 04 WY105^bฟ311ส 2542
100 0  ฟาริดา อิบราฮิม
245 10 สาระการบริหารการพยาบาล /^cฟาริดา อิบราฮิม
250    พิมพ์ครั้งที่ 2
260    กรุงเทพฯ :^bโครงการพัฒนาตำราสาขาพยาบาล คณะพยาบาลศาสตร์มหาวิทยาลัยมหิดล,^c2542
300    364 หน้า ;^c26 ซม.
650  7 การพยาบาล^xองค์การและการบริหาร
710 2  มหาวิทยาลัยมหิดล. ^bคณะพยาบาลศาสตร์.^bโครงการพัฒนาตำราสาขาพยาบาลศาสตร์
945    ^p300^l0^i028748
945    ^p300^l0^i014137
945    ^p300^l0^i014135
945    ^p300^l0^i014136
995    เกษร
999 ^a ใช้งานได้ทุกระบบ
รายการนี้ยังไม่มีแท็ก
คุณยังไม่ได้ล็อกอิน คุณสามารถมีกิจกรรมร่วมกับเว็บไซต์ได้ แต่ต้องล็อกอินก่อน ::
  ล็อกอิน

รายการสื่อสารสนเทศ

ลำดับที่ ประเภท เลขเรียก/บาร์โค้ด สถานที่ สถานะ
- ไม่พบข้อมูล -

รายการใกล้เคียง
    ผู้แต่ง [ฟาริดา อิบราฮิม]

BibComment


ยังไม่เคยถูกคอมเมนท์

คอมเมนท์ทรัพยากรรายการนี้
  คอมเมนท์: สาระการบริหารการพ..


 Copyright 2026. Bcnsprnw @Library